000 00255nam a22001217a 4500
999 _c23169
_d23169
003 Nust
005 20170321111900.0
008 170321b xxu||||| |||| 00| 0 eng d
020 _a8120314727
040 _aDLC
_bDLC
_cRCMS
082 _a621.3845 FEH
100 _aDR. KAMILO FEHER
245 _aWIRELESS DIGITAL COMMUNICATIONS
_cModulation & Spread Spectrum Applications
260 _aNew Delhi India
_bPrectice-Hall
_cc1995
300 _axx,524,p:
_bill:
_c26,cm.
650 _aElectrical & Electronic Engineering/ Radio Operation
856 _3Table of Content Only
942 _cBK
_2ddc